MARC details
| 000 -CABECERA |
| campo de control de longitud fija |
00920cam a2200217 a 4500 |
| 001 - NÚMERO DE CONTROL |
| campo de control |
000018340 |
| 005 - FECHA Y HORA DE LA ÚLTIMA TRANSACCIÓN |
| campo de control |
20200929165449.0 |
| 008 - DATOS DE LONGITUD FIJA--INFORMACIÓN GENERAL |
| campo de control de longitud fija |
710114s1969 xxc 000 1 eng d |
| 040 ## - FUENTE DE LA CATALOGACIÓN |
| Centro catalogador/agencia de origen |
DO-SdBNP |
| Lengua de catalogación |
spa |
| Centro/agencia transcriptor |
BNPHU |
| 100 1# - ENTRADA PRINCIPAL--NOMBRE DE PERSONA |
| Nombre de persona |
Haliburton, Thomas Chandler, |
| Fechas asociadas al nombre |
1796-1865 |
| 9 (RLIN) |
39723 |
| 245 14 - MENCIÓN DE TÍTULO |
| Título |
The Sam Slick anthology / |
| Mención de responsabilidad, etc. |
by Thomas Chandler Haliburton ; selected and introduced by Reginald Eyre Watters ; text edited for modern readers by Walter S. Avis. |
| 260 ## - PUBLICACIÓN, DISTRIBUCIÓN, ETC. |
| Lugar de publicación, distribución, etc. |
Toronto : |
| Nombre del editor, distribuidor, etc. |
Clarke, Irwin & Company Limited, |
| Fecha de publicación, distribución, etc. |
1969. |
| 300 ## - DESCRIPCIÓN FÍSICA |
| Extensión |
xxix, 264 p. ; |
| Dimensiones |
19 cm. |
| 490 1# - MENCIÓN DE SERIE |
| Mención de serie |
Clarke Irwin Canadian paperback ; |
| Designación de volumen o secuencia |
Cl-37 |
| 651 #4 - PUNTO DE ACCESO ADICIONAL DE MATERIA--NOMBRE GEOGRÁFICO |
| Nombre geográfico |
Canada |
| Subdivisión general |
Vida Social Y Costumbre |
| -- |
Novela |
| 9 (RLIN) |
39724 |
| 650 #4 - PUNTO DE ACCESO ADICIONAL DE MATERIA--TÉRMINO DE MATERIA |
| Término de materia o nombre geográfico como elemento de entrada |
Novela humoristica |
| 9 (RLIN) |
39725 |
| 650 #4 - PUNTO DE ACCESO ADICIONAL DE MATERIA--TÉRMINO DE MATERIA |
| Término de materia o nombre geográfico como elemento de entrada |
Humorismo canadiense |
| 9 (RLIN) |
39726 |
| 700 1# - PUNTO DE ACCESO ADICIONAL--NOMBRE DE PERSONA |
| Nombre de persona |
Watters, Reginald Eyre, |
| Término indicativo de función/relación |
ed. |
| 9 (RLIN) |
39727 |
| 700 1# - PUNTO DE ACCESO ADICIONAL--NOMBRE DE PERSONA |
| Nombre de persona |
Avis, Walter Spencer, |
| Fechas asociadas al nombre |
1919- |
| Término indicativo de función/relación |
ed. |
| 9 (RLIN) |
39728 |
| 830 #0 - PUNTO DE ACCESO ADICIONAL DE SERIE-TÍTULO UNIFORME |
| Título uniforme |
Clarke Irwin Canadian paperback ; |
| Designación de volumen o secuencia |
Cl-37 |
| 9 (RLIN) |
39729 |